00949 a2200193 4500003000500000005001700005040000900022082001600031100003100047245004500078260003700123300001000160505038200170538002900552650001800581942001200599999001900611952012500630Nust20230329121405.0 cNust a796.358,WAR aWarner, Pelham Sir9111550 aThe Book of Cricket /cSir Pelham Warner aLonndonbSporting Handbook61942 a296:p aBatting (Page-1) Bowling (Page-34) Wicket-Keeping (Page-76) Fielding (page-84) Some Thoughts on Captaincy (page-102) Cricket in Making (Page-108) England and Australia (page-119) Some Cricketers of my Time (page-155) Some Cricketers of my Time (page-227) The greatest Game 1 Ever played in (Page-255) An Hounours School of Cricket (page-262) Cricket During the War (Page-278)  aAlmirah No.57 Shelf No.1 aCricket91583 2ddccBK c186988d186988 00102ddc4070aMCSbMCScGENd2016-12-12o796.358,WARpMCS29673r2016-12-08w2016-12-12yBKzAlmirah No.75, Shelf No.3